Consideraciones geotécnicas en la construcción de 200 metros de túnel de la mina ¨Escobal¨, en el nivel 1265, (Registro nro. 2443)

Detalles MARC
000 -LEADER
campo de control de longitud fija 02059nam a22003737a 4500
001 - NÚMERO DE CONTROL
campo de control 42835
003 - IDENTIFICADOR DE NÚMERO DE CONTROL
campo de control gtgccic
005 - FECHA Y HORA DE LA ÚLTIMA TRANSACCIÓN
campo de control 20251027155212.0
007 - CAMPO FIJO DE DESCRIPCIÓN FÍSICA--INFORMACIÓN GENERAL
campo de control de longitud fija ta
008 - DATOS DE LONGITUD FIJA--INFORMACIÓN GENERAL
campo de control de longitud fija 251027b gt ||||| |||| 00| 0 spa d
040 ## - FUENTE DE CATALOGACIÓN
Centro catalogador/agencia de origen gtgccic
Lengua de catalogación spa
Centro/agencia transcriptor gtgccic
Normas de descripción rda
084 ## - OTRO NÚMERO DE CLASIFICACIÓN
Número de control del registro de autoridad o número normalizado TPI-15-0088
100 10 - ENTRADA PRINCIPAL--NOMBRE DE PERSONA
Nombre de persona Luis Enrique Contreras Illera
Fechas asociadas al nombre Ingeniero de Minas
Término indicativo de función/relación autor
245 10 - MENCIÓN DEL TÍTULO
Título Consideraciones geotécnicas en la construcción de 200 metros de túnel de la mina ¨Escobal¨, en el nivel 1265,
Resto del título ubicado en el municipio de San Rafael Las Flores, departamento de Santa Rosa, Guatemala /
Mención de responsabilidad, etc. Contreras Illera, Luis Enrique
264 #1 - PRODUCCIÓN, PUBLICACIÓN, DISTRIBUCIÓN, FABRICACIÓN Y COPYRIGHT
Producción, publicación, distribución, fabricación y copyright Guatemala, Guatemala :
Nombre del de productor, editor, distribuidor, fabricante USAC, Facultad de Ingeniería ;
Fecha de producción, publicación, distribución, fabricación o copyright 2015.-
300 ## - DESCRIPCIÓN FÍSICA
Extensión xxxii, 134 p. :
Otras características físicas il. ;
Dimensiones 27 cm
336 ## - TIPO DE CONTENIDO
Fuente rdacontenido
Término de tipo de contenido Texto
Código de tipo de contenido txt
337 ## - TIPO DE MEDIO
Fuente rdamedio
Nombre/término del tipo de medio sin mediación
Código del tipo de medio n
338 ## - TIPO DE SOPORTE
Fuente rdasoporte
Nombre/término del tipo de soporte volumen
Código del tipo de soporte nc
502 ## - NOTA DE TESIS
Nota de tesis Tesis Postgrado
Tipo de título MAESTRO EN INGENIERÍA GEOTÉCNICA
Nombre de la institución que otorga el título USAC, Facultad de Ingeniería, Escuela de Postgrado
Año de obtención del título 2015
Identificador de la tesis TPI-15-0088
504 ## - NOTA DE BIBLIOGRAFÍA, ETC.
Nota de bibliografía, etc. Nota Bibliografía pag. 125
505 ## - NOTA DE CONTENIDO CON FORMATO
Título 1. GENERALIDADES DE LA MINA ESCOBAL
505 ## - NOTA DE CONTENIDO CON FORMATO
Título 2. ASPECTOS GEOLÓGICOS Y ESTRUCTURALES
505 ## - NOTA DE CONTENIDO CON FORMATO
Título 3. PROCESO FÍSICO DE LA CONSTRUCCIÓN DEL TUNEL
505 ## - NOTA DE CONTENIDO CON FORMATO
Título 4. CONSIDERACIONES GEOTÉCNICAS CONCEPTUALES GENERALES
505 ## - NOTA DE CONTENIDO CON FORMATO
Título 5. RESULTADOS DE LOS ANÁLISIS DE MECÁNICA DE ROCAS
505 ## - NOTA DE CONTENIDO CON FORMATO
Título 6. PRESENTACIÓN Y DISCUSIÓN DE RESULTADOS
520 #3 - RESUMEN, ETC.
Sumario, etc. La investigación compila una serie de estudios geotécnicos, para evaluar un tramo crítico, dentro del túnel de la mina Escobal. Dichos estudios, presentan las consideraciones geotécnicas generales, que las obras subterráneas de cualquier tipo deben preveer y llevar a cabo. La sección típica de este túnel es de 5 m de ancho por 6 m de altura, tipo bóveda. El sostenimiento que utiliza de manera general es de electromalla, pernos de anclaje o bulones y concreto lanzado.
650 ## - PUNTO DE ACCESO ADICIONAL DE MATERIA--TÉRMINO DE MATERIA
Término de materia o nombre geográfico como elemento de entrada TÚNELES
650 ## - PUNTO DE ACCESO ADICIONAL DE MATERIA--TÉRMINO DE MATERIA
Término de materia o nombre geográfico como elemento de entrada MINA DE PLATA
700 ## - ENTRADA AGREGADA--NOMBRE PERSONAL
Nombre de persona MSc. Ing. Julio Roberto Luna Aroche
Término indicativo de función/relación asesor
942 ## - ELEMENTOS DE ENTRADA SECUNDARIOS (KOHA)
Fuente de la clasificación o esquema de estantería Clasificación Decimal Dewey
Tipo de ítem Koha TESISPOSTGRADO
945 ## - PROCESAMIENTO DE INFORMACIÓN LOCAL (OCLC)
a amlo
Existencias
Estatus retirado Estado de pérdida Fuente de la clasificación o esquema de estantería Estado de daño No para préstamo Biblioteca de origen Biblioteca actual Fecha de adquisición Número de inventario Total de préstamos Signatura topográfica completa Código de barras Visto por última vez Precio de reemplazo Tipo de ítem Koha Nota pública
    Clasificación Decimal Dewey     CENTRO DE INFORMACIÓN A LA CONSTRUCCIÓN-CICON CENTRO DE INFORMACIÓN A LA CONSTRUCCIÓN-CICON 27/10/2025 P20150088   TPI-15-0088 20150088 27/10/2025 27/10/2025 TESISPOSTGRADO disponible